Resultados electorales oficiales
Tallennettuna:
| Aineistotyyppi: | Teksti |
|---|---|
| Aiheet: | |
| Tagit: |
Lisää tagi
Ei tageja, Lisää ensimmäinen tagi!
|
MARC
| LEADER | 00000 a a2200000 04500 | ||
|---|---|---|---|
| 001 | 5194 | ||
| 003 | |||
| 040 | |||
| 245 | |a Resultados electorales oficiales | ||
| 650 | |a VOTACIONES | ||
| 650 | |a DATOS ESTADISTICOS | ||
| 650 | |a GOBIERNO LOCAL | ||
| 773 | |g volumen 58; páginas 325-355 | ||
| 999 | |c 20760 |d 20760 | ||
